Normal view
MARC view
- Khan, Gul Hassan,
Entry Personal Name
001 - CONTROL NUMBER
- control field: 108489
003 - CONTROL NUMBER IDENTIFIER
- control field: NUST
005 - DATE AND TIME OF LATEST TRANSACTION
- control field: 20230202130733.0
008 - FIXED-LENGTH DATA ELEMENTS
- fixed length control field: 230202|| aca||aabn | a|a d
040 ## - CATALOGING SOURCE
- Original cataloging agency: NUST
- Transcribing agency: NUST
100 ## - HEADING--PERSONAL NAME
- Personal name: Khan, Gul Hassan,
- Dates associated with a name: 1921-
670 ## - SOURCE DATA FOUND
- Source citation: Work cat.: (NUST)186965: Khan, Gul Hassan, 108488, Memoirs of Lt. Gen. Gul Hassan Khan / , 1993.
